000 00431 a2200157 4500
999 _c4246
_d4246
020 _a0952148471
050 _aQA 76.73 DIC 2000
100 _aDick, David
_eauthor
245 _aThe P.C. support handbook
_cDavid Dick
264 _aGlasgow
_bDumbreck
_c2000
300 _a568p. :
_bill.
500 _aIncludes index
650 _a Microcomputers -- Handbooks, manuals
650 _aMicrocomputers.
942 _2lcc
_cBK
_h76.73
_iDIC
_kQA